Joueur de football avec le plus de trophée remporté - Statistiques

Statistiques générales
  • Ce quiz a été pris 272 fois
  • Le résultat moyen est 5 sur 10
Statistiques - réponses
Réponse % Correct
Lionel Messi
100%
Cristiano Ronaldo
96%
Andres Iniesta
71%
Dani alves
69%
Ryan Giggs
40%
Gérard Piqué
35%
Sergio Busquets
34%
Kenny Dalglish
26%
Maxwell
11%
Vitor Baia
2%
Aucun quiz correspondant
Distribution des résultats
% des personnes avec chaque résultat
Percentile par nombre de réponses
Votre historique - résultats
Vous n’avez pas pris ce quiz